000 01168cam a22003011i 4500
001 gs 63000194
003 DLC
005 20260227111412.0
008 770712s1962 cauab 001 0 eng
010 _ags 63000194
035 _a(OCoLC)3108185
040 _aDLC
_cAzFU
_dAzFU
_dDLC
042 _apremarc
043 _an-us-ca
050 0 0 _aTN24.C2
_bA322 no. 1
100 1 _aTroxel, Bennie W.
_q(Bennie Wyatt),
_d1920-
245 1 0 _aMines and mineral resources of Kern County, California /
_cby Bennie W. Troxel and Paul K. Morton.
260 _aSan Francisco :
_bCalifornia Division of Mines and Geology,
_c1962.
300 _a370 p. :
_bill., maps (some col.) ;
_c28 cm.
490 1 _aCounty report - California Division of Mines and Geology ;
_v1
500 _aPart of illustrative matter folded in pocket.
504 _aIncludes bibliography and index.
650 0 _aMines and mineral resources
_zCalifornia
_zKern County.
650 0 _aOre deposits
_zCalifornia
_zKern County.
650 0 _aGeology
_zCalifornia
_zKern County.
700 1 _aMorton, Paul K.
_ejoint author.
810 1 _aCalifornia.
_bDivision of Mines and Geology.
_tCounty report ;
_vno. 1.
999 _c29701
_d29701